000 00540cam a22002171 4500
001 sa 67001126
003 DLC
005 20260227112320.0
008 890731s1966 ii 000 1 hino
010 _asa 67001126
035 _a(OCoLC)20105993
040 _aDLC
_cWaU
_dDLC
042 _apremarc
050 0 0 _aPK2098.S74
_bN3
100 1 _aŚrīvāstava, Himāṃśu.
245 1 0 _aNānārāva Peśavā.
260 _c[1966]
300 _a6, 127 p.
_c19 cm.
500 _aIn Hindi.
600 0 0 _aNana Sahib,
_d1820?-1859?
_vFiction.
999 _c72403
_d72403